Introduction to topology /

Tallennettuna:
Bibliografiset tiedot
Päätekijä: Mendelson, Bert, 1926-
Aineistotyyppi: Sách giấy
Julkaistu: New York : Dover Publications, 1990.
Painos:3rd ed.
Aiheet:
Linkit:Publisher description
Tagit: Lisää tagi
Ei tageja, Lisää ensimmäinen tagi!
Thư viện lưu trữ: Thư viện Trường Đại học Đà Lạt
LEADER 01142nam a2200361 4500
001 DLU100113089
005 ##20101110
008 ##900215r19901975nyua b 001 0 eng
010 # # |a  90032980  
020 # # |a 0486663523 :  |5 .95 
035 # # |9 (DLC) 90032980 
040 # # |a DLC  |c DLC  |d DLC 
050 # # |a QA611  |b .M39 1990 
082 # # |a 514  |b ME-B 
100 # # |a Mendelson, Bert,  |d 1926- 
245 # # |a Introduction to topology /  |c by Bert Mendelson. 
250 # # |a 3rd ed. 
260 # # |a New York :  |b Dover Publications,  |c 1990. 
300 # # |a ix, 206 p. :  |b ill. ;  |c 22 cm. 
500 # # |a "Unabridged, unaltered republication of the work originally published by Allyn and Bacon, Inc., Boston, 1975"--T.p. verso. 
504 # # |a Includes bibliographical references (p. 201-202) and index. 
650 # # |a Topology. 
856 # # |3 Publisher description  |u http://www.loc.gov/catdir/description/dover032/90032980.html 
923 # # |a 09/2010 
992 # # |a 428365 
994 # # |a DLU 
900 # # |a True 
911 # # |a Đào Thị Thu Huyền 
925 # # |a G 
926 # # |a A 
927 # # |a SH 
980 # # |a Thư viện Trường Đại học Đà Lạt